000 00512nam a2200169 i 4500
001 57278
003 ES-MaACL
005 20230906163539.0
007 t|
008 031015s1964 ag ||||1| spa d
100 1 _aDomenech, Juan C.
_945081
245 1 4 _aLos presidentes del Ateneo Iberoamericano (1912-1962) /
_cJuan C. Domenech.
260 _aBuenos Aires :
_bAteneo Iberoamericano,
_c1964.
300 _a24 p. ;
_c22 cm.
710 2 _aAteneo Iberoamericano.
_92043
852 _aES-MaACL
_j2048-F-25
_bR.59602
999 _c57278
_d57278